[Event "Runavik Open 2018"]
[Site "Runavik"]
[Date "2018.11.13"]
[Round "2"]
[White "Markensten, Max"]
[Black "Skaale, Janus"]
[Result "0-1"]
[WhiteElo "1660"]
[BlackElo "1839"]
[Annotator "NA RC"]
[PlyCount "78"]
[EventDate "2018.11.12"]
[EventType "swiss"]
[EventCountry "FAI"]
[SourceTitle "playchess.com"]
[Source "ChessBase"]
[SourceQuality "1"]
[TimeControl "40/5400+30:900+30"]

{[%evp 8,75,33,17,30,0,0,-2,32767,32767,-18,10,0,32767,32767,32767,32767,8,0,32767,12,32767,32767,32767,32767,32767,170,47,32767,70,32767,32767,124,32767,32767,62,74,32767,32767,257,189,0,268,0,0,-1098,-1464,-1247,-179,-662,-698,32767,-783,32767,-730,-913,-479,-452,-464,-466,-465,-509,-558,-468,-472,-474,-484,-444,-387,-652]} 1. d4 {[%emt 0:00:00]} d5 {[%emt 0:00:00]} 2. c4 {[%emt 0:00:00]} c6 {[%emt 0:00:00]} 3. Nf3 {[%emt 0:00:15]} Nf6 {[%emt 0:00:06]} 4. Nc3 {[%emt 0:00:17]} dxc4 {[%emt 0:00:08]} 5. a4 {[%emt 0:00:19]} Bf5 {[%emt 0:00:28]} 6. Ne5 {[%emt 0:00:28]} e6 {[%emt 0:01:07]} 7. f3 {[%emt 0:00:39]} Bb4 {[%emt 0:02:28]} 8. e4 {[%emt 0:00:19]} Bxe4 $1 {[%emt 0:00:46]} ({Doch nicht} 8... Nxe4 $6 9. fxe4 Qh4+ 10. Ke2 $16) 9. fxe4 {[%emt 0:00:10]} Nxe4 {[%emt 0:00:04]} 10. Bd2 {[%emt 0:00:17]} Qxd4 {[%emt 0:00:43]} 11. Nxe4 {[%emt 0:00:17]} Qxe4+ {[%emt 0:00:14]} 12. Qe2 {[%emt 0:00:14]} Bxd2+ {[%emt 0:00:30]} 13. Kxd2 {[%emt 0:00:10]} Qd5+ {[%emt 0:01:42] LiveBook: 477 Games} 14. Kc2 {[%emt 0:00:30]} b5 {[%emt 0:04:03]} 15. Rd1 {[%emt 0:03:10]} Qc5 {[%emt 0:05:17]} 16. axb5 {[%emt 0:00:40]} cxb5 {[%emt 0:01:25]} (16... O-O $16 {ist eine bessere Verteidigung.}) 17. Qe4 {[%emt 0:05:58]} (17. g3 $16 a6 18. Bh3 (18. Bg2 Ra7 $16)) 17... O-O {[%emt 0:03:26]} 18. Be2 {[%emt 0:05:45]} Na6 {[%emt 0:21:38]} 19. Nd7 {[%emt 0:02:05]} Qb4 {[%emt 0:01:46]} 20. Nxf8 {[%emt 0:01:48]} Rxf8 {[%emt 0:01:39]} 21. Ra1 {[%emt 0:18:55]} ({White should play} 21. Kb1 $16) 21... Nc5 {[%emt 0:13:39]} 22. Qe3 {[%emt 0:06:33]} Nb3 {[%emt 0:01:58]} 23. Rxa7 {[%emt 0:03:27]} e5 {[%emt 0:06:15]} 24. Qxe5 $2 {[%emt 0:12:17]} (24. Rd1 $18 Nd4+ 25. Rxd4 exd4 26. Qxd4) 24... Qd2+ {[%emt 0:01:26]} 25. Kb1 {[%emt 0:00:13]} Nd4 {[%emt 0:01:29]} 26. Rd1 $2 {[%emt 0:32:23]} (26. Bh5 $11 c3 27. Bxf7+ Kh8 28. bxc3 Qc2+ 29. Ka1 Qxc3+ 30. Kb1 Qc2+ 31. Ka1 Qc3+ 32. Ka2 Qd2+ 33. Ka1 Qc3+) 26... Qc2+ {[%emt 0:03:24]} 27. Ka1 {[%emt 0:00:38]} Nc6 $2 {[%emt 0:06:04]} (27... c3 {[%csl Gc3][%cal Rc2b2]} 28. Rb1 Nb3+ 29. Ka2 Nd2 30. Qxc3 Qxb1+ 31. Ka3 {[#]} b4+ $1 {[%mdl 512]} 32. Kxb4 Qe4+ 33. Ka5 Qxe2) 28. Qxb5 $2 {[%emt 0:01:20]} (28. Qe3 Nxa7 29. Rc1 Qa4+ 30. Qa3) 28... Qxe2 {[%emt 0:00:37]} 29. Rad7 {[%emt 0:00:45]} Ra8+ {[%emt 0:05:55]} 30. Kb1 {[%emt 0:00:49]} Qe4+ {[%emt 0:00:35]} 31. Kc1 {[%emt 0:02:40]} Ra1+ {[%emt 0:00:38]} 32. Kd2 {[%emt 0:00:06]} Rxd1+ {[%emt 0:00:05]} 33. Kxd1 {[%emt 0:00:12]} Qg4+ {[%emt 0:00:08]} 34. Kc2 {[%emt 0:00:33]} Qxd7 {[%emt 0:00:22]} 35. Qxc4 {[%emt 0:00:18]} g6 {[%emt 0:05:16]} 36. b4 {[%emt 0:00:45]} Qb7 {[%emt 0:05:21]} 37. Kc3 {[%emt 0:01:19]} Qb6 {[%emt 0:02:04]} 38. Qe4 $19 {[%emt 0:00:53]} (38. Qc5 $142 Qa6 39. b5 Qa1+ 40. Kd2 Qb2+ 41. Ke3 Qb3+ 42. Kd2 Qa2+ 43. Kd3) 38... Kg7 {[%emt 0:01:56]} 39. Kc4 {[%emt 0:00:26]} Qxb4+ {[%emt 0:00:08] Kd4} 0-1

[Event "Runavik Open 2018"]
[Site "Runavik"]
[Date "2018.11.13"]
[Round "2"]
[White "Nielsen, Suni I Horni"]
[Black "Berg, Margar M."]
[Result "1/2-1/2"]
[WhiteElo "1563"]
[BlackElo "1852"]
[Annotator "NA RC"]
[PlyCount "164"]
[EventDate "2018.11.12"]
[EventType "swiss"]
[EventCountry "FAI"]
[SourceTitle "playchess.com"]
[Source "ChessBase"]
[SourceQuality "1"]
[TimeControl "40/5400+30:900+30"]

{[%evp 8,156,32,24,36,28,7,6,32767,32767,32767,32767,32767,32767,32767,-28,-16,-31,32767,-72,32767,32767,32767,-155,-85,32767,32767,-65,-54,32767,32767,32767,32767,-82,32767,32767,222,252,32767,32767,-13,-12,32767,32767,32767,32767,-88,32767,32767,-166,-124,-235,-162,-192,0,-121,-105,-110,368,474,453,0,0,0,0,0,822,1237,32767,1374,12838,12840,12841,0,975,0,12840,32767,32767,4827,4133,29960,4132,12359,12842,600,790,625,723,988,1441,2883,4133,5538,5081,5093,12845,1865,800,1704,32767,12295,12847,29970,12845,0,38,30,30,0,32767,32767,32767,32767,32767,32767,32767,32767,32767,32767,32767,22,32767,32767,0,32767,32767,32767,32767,32767,32767,0,22,22,0,22,40,0,72,36,64,50,48,71,34,22,22,0,44,36,40]} 1. e4 {[%emt 0:00:07]} c5 {[%emt 0:00:00]} 2. Nf3 {[%emt 0:00:59]} d6 {[%emt 0:00:00]} 3. d4 {[%emt 0:00:23]} cxd4 {[%emt 0:00:00]} 4. Nxd4 {[%emt 0:00:17]} Nf6 {[%emt 0:00:10]} 5. Nc3 {[%emt 0:00:07]} a6 {[%emt 0:00:06]} 6. Bg5 {[%emt 0:01:17]} e6 {[%emt 0:00:13]} 7. f4 {[%emt 0:01:00] LiveBook: 9857 Games} Qc7 {[%emt 0:04:08]} 8. Bxf6 {[%emt 0:08:34]} gxf6 {[%emt 0:00:15]} 9. Qg4 {[%emt 0:06:36] B96: Sicilian Najdorf: 6 Bg5 e6 7 f4, lines other than 7...Qb6 and 7...Be7} (9. Be2 Nc6 10. Qd3 Nxd4 11. Qxd4 Qc5 12. Qd3 Bd7 13. O-O-O Rc8 14. Kb1 b5 15. a3 h5 16. f5 b4 17. axb4 Qxb4 18. fxe6 fxe6 {1-0 (35) Sutovsky,E (2650)-Najer,E (2679) Poikovsky 2017}) 9... Nc6 {[%emt 0:02:41]} 10. Nxc6 {[%emt 0:04:03]} bxc6 {[%emt 0:02:20]} 11. Bd3 $146 {[%emt 0:00:49]} ({Predecessor:} 11. O-O-O d5 12. Qh4 Bg7 13. Rd3 Rb8 14. Rg3 Rg8 15. Bd3 d4 16. Qxh7 Qxf4+ {½-½ (52) Hughes,D (2052)-Mueller,R (2113) IECC email 1998}) 11... Qb6 {[%emt 0:01:32]} 12. Rb1 {[%emt 0:02:25]} d5 {[%emt 0:04:22]} 13. exd5 {[%emt 0:01:53]} cxd5 {[%emt 0:06:28]} 14. Qe2 {[%emt 0:02:41]} Bb4 {[%emt 0:00:54]} 15. Rd1 {[%emt 0:02:19]} d4 {[%emt 0:02:40]} (15... Ba5 $142 16. Kf1 Bb7) 16. a3 {[%emt 0:00:12]} Ba5 {[%emt 0:00:18]} 17. b4 {[%emt 0:01:30]} Bxb4 {[%emt 0:00:12]} 18. axb4 {[%emt 0:00:10]} Qxb4 {[%emt 0:00:07]} 19. O-O {[%emt 0:03:17]} Qxc3 {[%emt 0:00:43]} 20. Rf3 {[%emt 0:01:37]} Qb4 {[%emt 0:02:45]} 21. Be4 {[%emt 0:01:49]} Rb8 $2 {[%emt 0:00:47] [#]} (21... Ra7 $11) 22. Rb3 $1 {[%emt 0:02:24]} Qd6 {[%emt 0:02:33]} 23. Rxb8 {[%emt 0:03:07]} Qxb8 {[%emt 0:00:13]} 24. Qc4 {[%emt 0:10:27]} e5 {[%emt 0:11:39]} 25. fxe5 {[%emt 0:05:29]} fxe5 {[%emt 0:03:06]} 26. Bc6+ {[%emt 0:00:53] [#]} Ke7 $1 {[%emt 0:00:29]} 27. Rf1 {[%emt 0:05:02]} f5 {[%emt 0:03:58]} 28. Re1 {[%emt 0:03:45]} (28. Bd5 $17 Bd7 29. Re1) 28... Qd6 {[%emt 0:00:35]} 29. Rb1 {[%emt 0:05:43]} (29. Bd5 $17 {might work better.}) 29... Be6 {[%emt 0:09:44]} 30. Qxa6 {[%emt 0:02:25] [#]} Qc5 $2 {[%emt 0:06:03]} (30... Rc8 $1 $19 31. Rb7+ Rc7 32. Rxc7+ Qxc7 33. Qa3+ Qd6 34. Qa7+ Kf6) 31. Rb7+ {[%emt 0:06:05]} (31. Rb5 $1 $11 {was the only way to keep the balance.} Qd6 32. Qb7+ Kf6 33. Bd5 Bxd5 34. Rxd5) 31... Kf6 {[%emt 0:00:23]} 32. Bd7 {[%emt 0:03:07]} Re8 $2 {[%emt 0:19:05]} (32... d3+ $1 $17 33. Kf1 Qc4 34. Qxc4 Bxc4 35. cxd3 Bxd3+ 36. Kf2 Ra8 37. Rb6+ Kg5) 33. Bxe8 {[%emt 0:02:24]} d3+ {[%emt 0:02:44]} 34. Kf1 $2 {[%emt 0:01:08]} ({Only move:} 34. Kh1 $18 Qf2 35. Qa7 (35. Rf7+ Kg5 $11) 35... Qxc2 36. Ba4 (36. Rxh7 Qc1+ 37. Qg1 d2 $18) 36... Qc1+ 37. Qg1 Qxg1+ 38. Kxg1) 34... dxc2 {[%emt 0:00:07]} 35. Rf7+ $1 {[%emt 0:00:36]} Kg5 {[%emt 0:00:17]} 36. Rg7+ {[%emt 0:00:18]} (36. h4+ Kf4 37. g3+ Kxg3 38. Qd3+ Kf4 39. Qd2+ Qe3 40. Qh2+ Kf3 41. Qg2+ Kf4 42. Qxc2 Bxf7 43. Bxf7 Kg3 (43... Qh3+ 44. Qg2 Qxh4 $11)) 36... Kf4 $2 {[%emt 0:00:29]} 37. g3+ {[%emt 0:00:32]} Ke4 {[%emt 0:01:36]} 38. Qe2+ $2 {[%emt 0:00:50]} Kd4 {[%emt 0:00:54]} 39. Qd2+ {[%emt 0:01:18]} Ke4 $1 {[%emt 0:01:52]} 40. Qe2+ {[%emt 0:00:00]} Kd5 $2 {[%emt 0:00:00]} 41. Qd2+ $2 {[%emt 0:01:06]} (41. Qd3+ $18 Qd4 42. Qxc2 Qc4+ 43. Qxc4+ Kxc4 44. Rxh7) 41... Ke4 {[%emt 0:03:59] [#]} 42. Bc6+ $1 $18 {[%emt 0:02:25]} Qxc6 {[%emt 0:01:07]} 43. Qg2+ {[%emt 0:00:08]} Kd4 {[%emt 0:00:08]} 44. Qxc6 {[%emt 0:00:04]} Bc4+ {[%emt 0:00:46]} 45. Qxc4+ {[%emt 0:02:39]} (45. Kf2 c1=Q 46. Rd7+ Kc3 47. Qxc4+ (47. Qf3+ Kb4 $18) 47... Kxc4 48. Rc7+ Kd5 49. Rxc1 h6) 45... Kxc4 {[%emt 0:00:08]} 46. Ke2 {[%emt 0:00:14]} c1=N+ {[%emt 0:00:38]} 47. Ke3 {[%emt 0:00:33]} Kd5 {[%emt 0:00:30]} 48. Rxh7 {[%emt 0:00:23]} Ke6 {[%emt 0:00:38]} 49. h4 {[%emt 0:00:54]} Nb3 {[%emt 0:00:09]} 50. h5 {[%emt 0:00:26]} Kf6 {[%emt 0:00:16]} 51. Rh6+ {[%emt 0:00:16]} (51. h6 $142 Kg5 52. Rb7 Kxh6 53. Rxb3 Kg7 54. Rb6 Kf7 55. Kd3 Kg7 56. Re6) 51... Kf7 {[%emt 0:01:17]} 52. Rb6 {[%emt 0:01:41]} Nd4 {[%emt 0:03:30]} 53. h6 {[%emt 0:00:51]} (53. Rb7+ $142 Kg8 54. Rc7) 53... Kg8 {[%emt 0:02:46]} 54. Rb7 {[%emt 0:01:08]} Kh8 {[%emt 0:00:47]} 55. Re7 {[%emt 0:00:14]} f4+ {[%emt 0:00:14]} 56. Kf2 $2 {[%emt 0:01:29]} ({White has to play} 56. Ke4 $18 fxg3 57. Rg7) 56... fxg3+ {[%emt 0:00:10]} 57. Kg2 {[%emt 0:00:00]} Nf5 $1 {[%emt 0:00:24]} 58. Rxe5 {[%emt 0:00:38]} Nxh6 {[%emt 0:00:09]} 59. Kxg3 {[%emt 0:00:11]} Kg7 {[%emt 0:00:12]} 60. Ra5 {[%emt 0:00:22]} Kf6 {[%emt 0:00:15]} 61. Kf4 {[%emt 0:00:07]} Nf7 {[%emt 0:00:37]} 62. Ra6+ {[%emt 0:00:22]} Ke7 {[%emt 0:00:10]} 63. Kf5 {[%emt 0:00:30]} Nd6+ {[%emt 0:00:09]} 64. Ke5 {[%emt 0:00:28]} Nf7+ {[%emt 0:00:13]} 65. Kd5 {[%emt 0:00:12]} Ng5 {[%emt 0:00:26]} 66. Rg6 {[%emt 0:00:22]} Nf7 {[%emt 0:00:12]} 67. Re6+ {[%emt 0:01:39]} Kd7 {[%emt 0:00:11]} 68. Ra6 {[%emt 0:00:43]} Ke7 {[%emt 0:00:06]} 69. Re6+ {[%emt 0:00:49]} Kd7 {[%emt 0:00:06]} 70. Re2 {[%emt 0:00:11]} Ng5 {[%emt 0:01:23]} 71. Ra2 {[%emt 0:00:30]} Ne6 {[%emt 0:00:14]} 72. Ra7+ {[%emt 0:01:01]} Nc7+ {[%emt 0:00:49]} 73. Kc5 {[%emt 0:00:12]} Kd8 {[%emt 0:01:23]} 74. Kc6 {[%emt 0:02:22]} Ne8 $1 {[%emt 0:00:25]} 75. Rf7 {[%emt 0:00:58]} Kc8 {[%emt 0:00:28]} 76. Rf8 {[%emt 0:00:13]} Kd8 {[%emt 0:00:10]} 77. Rf7 {[%emt 0:01:44]} Kc8 {[%emt 0:00:15]} 78. Rd7 {[%emt 0:01:12]} Nf6 $14 {[%emt 0:00:27]} 79. Ra7 {[%emt 0:00:52]} Kd8 {[%emt 0:00:16]} 80. Kd6 {[%emt 0:00:19]} Ne8+ {[%emt 0:00:09]} 81. Ke6 {[%emt 0:01:02]} Nc7+ {[%emt 0:00:07]} 82. Rxc7 {[%emt 0:05:10]} Kxc7 {[%emt 0:00:07]} 1/2-1/2

[Event "Runavik Open 2018"]
[Site "Runavik"]
[Date "2018.11.13"]
[Round "2"]
[White "Tummasarson, Flovin M."]
[Black "Apol, Luitjen Akselsson"]
[Result "0-1"]
[WhiteElo "1378"]
[BlackElo "1735"]
[Annotator "NA RC"]
[PlyCount "72"]
[EventDate "2018.11.12"]
[EventType "swiss"]
[EventCountry "FAI"]
[SourceTitle "playchess.com"]
[Source "ChessBase"]
[SourceQuality "1"]
[TimeControl "40/5400+30:900+30"]

1. e4 {[%emt 0:00:00]} c5 {[%emt 0:00:00]} 2. Nf3 {[%emt 0:00:06]} d6 {[%emt 0:01:32]} 3. c3 {[%emt 0:00:31]} Nf6 {[%emt 0:00:37]} 4. Be2 {[%emt 0:00:33]} g6 {[%emt 0:01:16]} 5. O-O {[%emt 0:00:42]} Bg7 {[%emt 0:00:11]} 6. Re1 {[%emt 0:01:03]} O-O {[%emt 0:01:12]} 7. Bf1 {[%emt 0:00:05]} Nc6 {[%emt 0:00:44]} 8. d4 {[%emt 0:01:02]} cxd4 {[%emt 0:00:25]} 9. cxd4 {[%emt 0:00:07]} Bg4 {[%emt 0:01:48]} 10. d5 {[%emt 0:03:59]} Ne5 {[%emt 0:01:34]} 11. Nbd2 {[%emt 0:00:31]} Rc8 {[%emt 0:06:20]} 12. h3 {[%emt 0:00:46]} Bxf3 {[%emt 0:00:31]} 13. Nxf3 {[%emt 0:00:12]} Nxf3+ {[%emt 0:01:11]} 14. Qxf3 {[%emt 0:00:08]} Nd7 {[%emt 0:00:35]} 15. Be3 {[%emt 0:05:00]} Bxb2 {[%emt 0:03:40]} 16. Rab1 {[%emt 0:00:47]} Bc3 {[%emt 0:09:17]} 17. Rec1 {[%emt 0:00:08]} Ba5 {[%emt 0:16:22]} 18. Rxb7 {[%emt 0:05:18]} Rxc1 {[%emt 0:00:10]} 19. Bxc1 {[%emt 0:00:08]} Bb6 {[%emt 0:00:05]} 20. Qc3 {[%emt 0:00:46]} Nc5 {[%emt 0:01:04]} 21. Bh6 {[%emt 0:01:41]} f6 {[%emt 0:00:24]} 22. Rxb6 {[%emt 0:02:05]} Qxb6 {[%emt 0:00:22]} 23. Bxf8 {[%emt 0:00:30]} Kxf8 {[%emt 0:00:04]} 24. Qe3 {[%emt 0:02:25]} Qb1 {[%emt 0:01:12]} 25. f3 {[%emt 0:08:06]} Qxa2 {[%emt 0:01:10]} 26. Kh2 {[%emt 0:02:22]} a5 {[%emt 0:06:21]} 27. Qc3 {[%emt 0:04:02]} Qb1 {[%emt 0:03:23]} 28. Bc4 {[%emt 0:04:37]} Qb4 {[%emt 0:00:09]} 29. Qa1 {[%emt 0:13:29]} Qxc4 {[%emt 0:01:25]} 30. Qxa5 {[%emt 0:00:17]} Kf7 {[%emt 0:03:28]} 31. Qd8 {[%emt 0:02:04]} Qc1 {[%emt 0:02:15]} 32. h4 {[%emt 0:07:04]} Qf4+ {[%emt 0:04:22]} 33. g3 {[%emt 0:01:52]} Qxf3 {[%emt 0:00:16]} 34. Qh8 {[%emt 0:00:49]} Qh5 {[%emt 0:05:36]} 35. Qc8 {[%emt 0:01:12]} f5 {[%emt 0:00:29]} 36. e5 {[%emt 0:00:41]} Qe2+ 0-1

[Event "Runavik Open 2018"]
[Site "Runavik"]
[Date "2018.11.14"]
[Round "3"]
[White "Sivuk, Vitaly"]
[Black "Miezis, Normunds"]
[Result "1-0"]
[WhiteElo "2551"]
[BlackElo "2477"]
[Annotator "TA"]
[PlyCount "138"]
[EventDate "2018.11.12"]
[EventType "swiss"]
[EventCountry "FAI"]
[SourceTitle "playchess.com"]
[Source "ChessBase"]
[SourceQuality "1"]

{[%evp 19,138,60,46,39,62,33,21,30,44,37,58,35,39,41,55,37,42,46,50,28,59,56,62,40,50,47,63,54,88,86,117,117,120,110,159,147,181,178,181,154,162,133,189,157,192,188,250,222,241,231,274,281,300,300,460,248,281,287,264,282,379,293,410,307,443,443,435,450,447,447,427,445,437,423,402,393,633,599,639,631,619,688,652,648,789,684,1179,1190,1104,1006,1272,1340,1251,1215,1273,1315,1182,896,791,527,5185,5056,29963,29964,29962,5093,29974,29975,29974,29976,29976,29977,29979,29980,29980,29980,29980,29981,29985,29981,29981]} 1. d4 Nf6 2. c4 e6 3. Nf3 Bb4+ 4. Nbd2 O-O 5. a3 Be7 6. e4 d6 {E11: Bogo-Indian} (6... d5 7. e5 Nfd7 8. Bd3 c5 9. h4 g6 10. O-O Nc6 11. Nb3 dxc4 12. Bxc4 cxd4 13. Re1 a5 14. Bh6 Re8 15. Rc1 Nb6 {1-0 (39) Ding,L (2804)-Saric,I (2689) Batumi 2018}) 7. Be2 Nbd7 8. Qc2 e5 9. Nb1 exd4 $146 ({Predecessor:} 9... c6 10. O-O Re8 11. Nc3 Bf8 12. Rd1 exd4 13. Nxd4 Nc5 14. f3 {½-½ (46) Peralta,F (2569)-Pulvett Marin,D (2437) Medellin 2017}) 10. Nxd4 Nc5 {LiveBook: 3 Games} 11. Nc3 a5 12. b3 Re8 13. f3 c6 14. O-O Bf8 15. Rd1 g6 16. Be3 Qe7 17. Bf2 Nh5 18. Bf1 Qg5 19. Kh1 Ng7 20. b4 $36 {[%mdl 2048] Black is under pressure.} axb4 21. axb4 Rxa1 22. Rxa1 Nce6 {[%cal Bc5e6,Be6f4,Bf4g2][%mdl 32]} 23. Nb3 h5 24. Na4 h4 25. Nb6 Nh5 26. Qd2 {And now Qxg5 would win.} Nef4 {[#]} 27. Qe1 $1 {Strongly threatening Ra8.} h3 {[%cal Rh3g2]} 28. g3 {Be3 is the strong threat.} Ng2 29. Qe2 ({Don't do} 29. Bxg2 $6 hxg2+ 30. Kxg2 Nf4+ 31. Kh1 Nd3 $14) 29... Be6 30. Nd4 Bg7 (30... f5 $16 31. Ra7 fxe4) 31. Rd1 Kh7 32. b5 c5 (32... f5 $142 33. bxc6 bxc6 34. exf5 (34. Nxc6 fxe4 35. Qxe4 Bf7 $16) 34... Bf7) 33. Nxe6 $18 Rxe6 34. Qd2 Qf6 35. Bxg2 hxg2+ 36. Kxg2 Bh6 (36... Qe7 $142 37. Be3 Be5) 37. Be3 (37. Qd5 $142) 37... Bxe3 38. Qxe3 Qb2+ 39. Qd2 Qg7 40. Nd5 Re8 41. Qc3 Ra8 (41... Rd8 {was called for.} 42. Qa5 Rf8) 42. Qxg7+ Kxg7 {[%mdl 4096] Endgame KRN-KRN} 43. g4 Ra2+ 44. Kh3 Nf6 45. Nxf6 Kxf6 46. Rxd6+ {KR-KR} Ke5 47. Rd7 f6 $2 (47... Ke6) 48. Kg3 b6 49. h4 Rc2 50. Re7+ Kd4 51. Re6 Ke3 52. e5 {[%cal Be4e5,Be5e6][%mdl 32]} f5 53. gxf5 gxf5 54. Rf6 Rxc4 55. Rxf5 Rc1 56. h5 c4 57. e6 Rg1+ 58. Kh4 {[#] aiming for e7.} Rg8 59. Rf7 Re8 60. Rc7 Rxe6 61. Rxc4 Kxf3 62. Rc6 (62. Kg5 $142 Re5+ 63. Kg6 Re6+ 64. Kg7 Re7+ 65. Kf6 Rh7 66. Kg6 Rd7 67. Rc6) 62... Re4+ 63. Kg5 {White mates.} Re5+ 64. Kg6 Rxb5 65. h6 {[%cal Bh5h6,Bh6h7][%mdl 32]} Rb1 66. h7 Rg1+ 67. Kf7 Rh1 68. Kg7 Ke4 69. Rxb6 Kd5 {Precision: White = 73%, Black = 40%.} 1-0

[Event "Runavik Open 2018"]
[Site "Runavik"]
[Date "2018.11.14"]
[Round "3"]
[White "Bernadskiy, Vitaliy"]
[Black "Maiorov, Nikita"]
[Result "1/2-1/2"]
[WhiteElo "2544"]
[BlackElo "2510"]
[Annotator "TA"]
[PlyCount "95"]
[EventDate "2018.11.12"]
[EventType "swiss"]
[EventCountry "FAI"]
[SourceTitle "playchess.com"]
[Source "ChessBase"]
[SourceQuality "1"]

{[%evp 17,95,-17,19,10,21,16,16,25,45,36,37,32,43,34,33,37,35,37,38,32,44,16,18,20,26,21,24,19,37,36,42,24,42,42,64,64,59,33,39,0,0,0,0,0,0,-5,-7,-10,-16,-24,0,-35,-22,-56,-12,-18,0,-16,18,20,13,13,26,0,0,0,2,8,13,0,0,-14,-14,-14,-14,-14,-14,-14,-14,-14]} 1. c4 Nf6 2. Nc3 e5 3. Nf3 Nc6 4. d3 g6 5. g3 Bg7 6. Bg2 O-O 7. O-O d6 8. Rb1 Nd4 9. Nd2 {A26: English Opening vs King's Indian with ...Nc6 and d3} (9. Nxd4 exd4 10. Nb5 Nd7 11. e3 dxe3 12. Bxe3 Ne5 13. Qc2 Bf5 14. Rbd1 Qc8 15. Nd4 Bh3 16. Rfe1 Bxg2 17. Kxg2 Re8 {½-½ (81) Bocharov,D (2583)-Mchedlishvili,M (2603) Riadh 2017}) 9... c6 {LiveBook: 4 Games} 10. e3 Nf5 $146 ({Predecessor:} 10... Ne6 11. Nf3 Nc5 12. b4 Nxd3 13. Qxd3 e4 14. Nxe4 Nxe4 15. Nd4 Nc5 16. bxc5 dxc5 {½-½ (52) Stanec,N (2457)-Weinzettl,E (2299) Austria 2016}) 11. Nde4 Nxe4 12. dxe4 Ne7 13. Qd3 Be6 14. Rd1 Qc7 15. Qxd6 Qxd6 16. Rxd6 Nc8 17. Rd2 Bxc4 18. b3 Be6 19. Ba3 Re8 20. Na4 Nb6 21. Nc5 Bf8 22. Rbd1 a5 23. Nxe6 Rxe6 24. Bb2 Ree8 25. a4 Bc5 26. Rd3 Bf8 27. h4 c5 28. Ba1 c4 29. bxc4 Nxa4 30. Rd5 Nb6 31. Rb5 Nxc4 32. Rxb7 a4 {[%cal Ba5a4,Ba4a3][%mdl 32]} 33. Bf1 Rec8 34. Kg2 a3 35. Rb3 Nd6 36. Kf3 f6 37. Bh3 {[#] Threatens to win with Be6+.} Rcb8 38. Be6+ Kg7 39. Rc3 Ra7 40. Rc6 h5 {The position is equal.} 41. Ba2 Rd8 42. Ke2 {Strongly threatening f4.} Rdd7 43. Be6 Rdc7 44. Rdxd6 Bxd6 45. Rxd6 Rc1 46. Rd1 Rac7 $1 {[%cal Rc7c2] [#] aiming for ...R7c2+.} 47. Bb3 a2 48. Bxe5 {Precision: White = 65%, Black = 67%.} 1/2-1/2

[Event "Runavik Open 2018"]
[Site "Runavik"]
[Date "2018.11.14"]
[Round "3"]
[White "Papin, Vasily"]
[Black "Korneev, Oleg"]
[Result "1/2-1/2"]
[WhiteElo "2483"]
[BlackElo "2551"]
[Annotator "TA"]
[PlyCount "42"]
[EventDate "2018.11.12"]
[EventType "swiss"]
[EventCountry "FAI"]
[SourceTitle "playchess.com"]
[Source "ChessBase"]
[SourceQuality "1"]

{[%evp 21,42,0,10,23,19,29,17,2,3,4,12,0,0,0,0,0,0,0,0,0,0,0,0]} 1. c4 e6 2. Nc3 d5 3. d4 Be7 4. cxd5 exd5 5. Bf4 Nf6 6. e3 Bf5 7. Qb3 Nc6 8. Qxb7 Nb4 9. Bb5+ {D35: Damengambit (Abtauschvariante)} (9. Kd1 O-O 10. Qxc7 Qxc7 11. Bxc7 Rfc8 12. Bg3 Bc2+ 13. Ke1 Bf5 14. Rd1 Ne4 15. Nxe4 dxe4 16. a3 Rc2 {0-1 (34) Lupulescu,C (2650)-Fridman,D (2659) Khanty-Mansiysk 2011}) 9... Kf8 10. Kd2 Ne4+ 11. Nxe4 Bxe4 {LiveBook: 3 Partien} 12. Bxc7 Qc8 13. Qxc8+ $1 Rxc8 14. f3 {[#] Die Stellung ist ausgeglichen.} Bf5 $146 ({Vorgänger:} 14... Rxc7 15. fxe4 Rc2+ 16. Kd1 Rxb2 {½-½ (29) Baumgartner,U (2307)-Barlow,J (2523) ICCF email 2000}) 15. g4 Be6 16. Ba5 {Droht stark a3.} Rc2+ 17. Kd1 Rxb2 {[#] Und weiter mit ...Sc2 wäre nett.} 18. Kc1 $1 {[%cal Rc1b2]} Rc2+ 19. Kd1 Rb2 {zielt auf ...Sc2 ab.} 20. Kc1 $1 {[%cal Rc1b2]} Rc2+ 21. Kd1 {[#] Schwarz muss nun Lxb4 beachten.} Rb2 1/2-1/2